| 000 | 00392pab a2200157 454500 | ||
|---|---|---|---|
| 008 | 180718b2009 xxu||||| |||| 00| 0 eng d | ||
| 100 | _aUpadhyay, Raj Kumar | ||
| 245 | _aUniform licence fee in telecom: way forward | ||
| 260 | _c2009 | ||
| 300 | _ap.71-74. | ||
| 362 | _a7 Nov | ||
| 650 | _aTelecommunications | ||
| 773 | _aEconomic and Political Weekly | ||
| 908 | _aN | ||
| 909 | _a84358 | ||
| 999 |
_c84358 _d84358 |
||